Análisis hidrólogico e hidráulico de inundaciones en la Quebrada Velverde de Grecia
Gorde:
| Egile nagusia: | |
|---|---|
| Formatua: | Liburua |
| Hizkuntza: | Spanish |
| Argitaratua: |
[San José], Costa Rica
2016
|
| Gaiak: | |
| Etiketak: |
Etiketa erantsi
Etiketarik gabe, Izan zaitez lehena erregistro honi etiketa jartzen!
|
MARC
| LEADER | 00000nam a22000007a 4500 | ||
|---|---|---|---|
| 003 | 012524 | ||
| 005 | 20221231144142.0 | ||
| 008 | 170201b2016 cr a|||| |||| 00| ||spa d | ||
| 040 | |c cru CEDI | ||
| 090 | |a TFG 7680 | ||
| 100 | |9 6699 |a Paniagua Hernández, David Felipe | ||
| 245 | |a Análisis hidrólogico e hidráulico de inundaciones en la Quebrada Velverde de Grecia | ||
| 260 | |a [San José], Costa Rica |c 2016 | ||
| 300 | |a xv,141[83] ; ilustraciones a color | ||
| 500 | |a Proyecto de graduación (licenciatura en ingeniería civil)--Universidad de Costa Rica. Facultad de Ingeniería. Escuela de Ingeniería Civil | ||
| 650 | |x ESCORRENTIA URBANA |x CAUCE DE LOS RIOS |x PERCEPCION DE RIESGOS |x HIDROLOGIA URBANA |x CUENCA DE LA QUEBRADA VALVERDE(GRECIA, ALAJUELA,COSTA RICA) |9 6700 | ||
| 942 | |c TFG | ||
| 999 | |c 17646 |d 17646 | ||
